[Event "Montigny le Bretonneux op 21st"]
[Site "Montigny le Bretonneux"]
[Date "2023.10.26"]
[Round "6"]
[White "Gouanelle, Franck"]
[Black "Benhadid, Jeilynn"]
[Result "1-0"]
[WhiteElo "2058"]
[BlackElo "1504"]
[PlyCount "135"]
[EventDate "2023.10.21"]
[EventType "swiss"]
[EventRounds "7"]
[EventCountry "FRA"]
[SourceTitle "Mega2024 Update 01"]
[Source "Chessbase"]
[SourceDate "2023.11.12"]
[SourceVersion "1"]
[SourceVersionDate "2023.11.12"]
[SourceQuality "1"]

1. d4 Nf6 2. Nc3 g6 3. e4 d6 4. h3 Bg7 5. Be3 0-0 6. Nf3 Nc6 7. Bb5 Bd7 8. e5 dxe5 9. dxe5 Ne8 10. Bf4 f6 11. Bc4+ e6 12. Qd2 Nxe5 13. Nxe5 fxe5 14. Bg5 Bf6 15. Ne4 Bxg5 16. Nxg5 Qe7 17. Qxd7 Qxd7 18. Bxe6+ Qxe6 19. Nxe6 Rf6 20. Ng5 Nd6 21. 0-0 Raf8 22. b3 Kh8 23. Rae1 Nf5 24. Rxe5 h6 25. Ne6 R8f7 26. Rfe1 Nd6 27. f3 b6 28. Nd8 Rf8 29. Nc6 a5 30. Ne7 R8f7 31. Nd5 Rf5 32. c4 Kg7 33. Re6 h5 34. Nxc7 Rxc7 35. Rxd6 Rf6 36. Ree6 Rxe6 37. Rxe6 Rb7 38. Kf2 Kf7 39. Rd6 Kg7 40. h4 Kf7 41. Kg3 Kg7 42. Kf4 Rf7+ 43. Ke4 Re7+ 44. Kd5 Re2 45. Rxb6 Rxg2 46. c5 g5 47. c6 Rd2+ 48. Ke5 Rc2 49. hxg5 h4 50. c7 Rxc7 51. Rh6 Rc2 52. Rxh4 Rxa2 53. Ra4 Rb2 54. Rxa5 Rxb3 55. f4 Re3+ 56. Kf5 Re7 57. Kg4 Re4 58. Ra7+ Kg6 59. Ra6+ Kg7 60. Kf5 Re7 61. g6 Rb7 62. Kg5 Rb1 63. Ra7+ Kg8 64. f5 Rb8 65. f6 Rc8 66. Kh6 Rb8 67. f7+ Kf8 68. g7# 1-0

[Event "Montigny le Bretonneux op 20th"]
[Site "Montigny le Bretonneux"]
[Date "2022.10.28"]
[Round "7"]
[White "Gouanelle, Franck"]
[Black "Li, Zi Long"]
[Result "1-0"]
[WhiteElo "2065"]
[BlackElo "1771"]
[PlyCount "69"]
[EventDate "2022.10.22"]
[EventType "swiss"]
[EventRounds "9"]
[EventCountry "FRA"]
[SourceTitle "EXT 2024"]
[Source "ChessBase"]
[SourceDate "2023.10.10"]
[SourceVersion "1"]
[SourceVersionDate "2023.10.10"]
[SourceQuality "1"]

1. d4 d5 2. c4 e6 3. Nf3 Nf6 4. Nc3 Be7 5. cxd5 exd5 6. Bg5 c6 7. e3 Bf5 8. Ne5 h6 9. Bf4 0-0 10. Be2 Nbd7 11. Nd3 Re8 12. 0-0 Bf8 13. a3 a5 14. Rb1 Ra7 15. Rc1 Bh7 16. Na4 Ne4 17. h3 g5 18. Bh2 f5 19. Re1 Bd6 20. Bxd6 Nxd6 21. Bh5 Re7 22. f4 Nc4 23. Ne5 Ndxe5 24. dxe5 b5 25. Qd4 bxa4 26. Rxc4 gxf4 27. exf4 Rec7 28. Rxc6 Rxc6 29. Qxa7 Qh4 30. Qa8+ Kg7 31. Qb7+ Kh8 32. Qxc6 Qxe1+ 33. Kh2 Qh4 34. Qe8+ Bg8 35. g3 1-0

[Event "Montigny le Bretonneux op 20th"]
[Site "Montigny le Bretonneux"]
[Date "2022.10.24"]
[Round "3"]
[White "Gouanelle, Franck"]
[Black "Orfila, Kristofer"]
[Result "1/2-1/2"]
[WhiteElo "2065"]
[BlackElo "1740"]
[PlyCount "80"]
[EventDate "2022.10.22"]
[EventType "swiss"]
[EventRounds "9"]
[EventCountry "FRA"]
[SourceTitle "EXT 2024"]
[Source "ChessBase"]
[SourceDate "2023.10.10"]
[SourceVersion "1"]
[SourceVersionDate "2023.10.10"]
[SourceQuality "1"]

1. e4 c5 2. Nf3 e6 3. d3 Nc6 4. g3 Nf6 5. Bg2 Be7 6. 0-0 d6 7. c3 0-0 8. Qe2 e5 9. h3 Re8 10. Na3 h6 11. Nc2 Be6 12. d4 cxd4 13. cxd4 exd4 14. Ncxd4 Bf8 15. Nxc6 bxc6 16. Qc2 Bd7 17. Re1 d5 18. exd5 Rxe1+ 19. Nxe1 cxd5 20. Be3 Be6 21. Rd1 Qd7 22. Kh2 Rc8 23. Qe2 Qa4 24. b3 Qa5 25. Rd4 Bd7 26. Nd3 Bb5 27. a4 Ba6 28. Qd1 Qc3 29. Nf4 Bc5 30. Nxd5 Nxd5 31. Bxd5 Bxd4 32. Bxd4 Qd3 33. Qxd3 Bxd3 34. Bxa7 Bc2 35. a5 Rd8 36. Bg2 Bxb3 37. a6 Rd6 38. Bb7 Bc4 39. Bc5 Rxa6 40. Bxa6 Bxa6 1/2-1/2

[Event "Montigny le Bretonneux op 19th"]
[Site "Montigny le Bretonneux"]
[Date "2021.10.29"]
[Round "7"]
[White "Gouanelle, Franck"]
[Black "Delmont, Jean Robert"]
[Result "1-0"]
[WhiteElo "2029"]
[BlackElo "1753"]
[PlyCount "71"]
[EventDate "2021.10.23"]
[EventType "swiss"]
[EventRounds "7"]
[EventCountry "FRA"]
[SourceTitle "CBM 204 Extra"]
[Source "ChessBase"]
[SourceDate "2021.11.30"]
[SourceVersion "1"]
[SourceVersionDate "2021.11.30"]
[SourceQuality "1"]

1. Nf3 c5 2. e4 d6 3. Bb5+ Bd7 4. Bxd7+ Qxd7 5. 0-0 Nc6 6. c3 Nf6 7. Re1 g6 8. d4 cxd4 9. cxd4 Bg7 10. Nc3 0-0 11. h3 e5 12. Be3 exd4 13. Nxd4 d5 14. Nxc6 bxc6 15. exd5 Nxd5 16. Nxd5 Qxd5 17. Qxd5 cxd5 18. Rad1 Bxb2 19. Rxd5 a5 20. Rb1 Rfb8 21. Bf4 Rb4 22. Bd6 Rd4 23. Rxd4 Bxd4 24. a4 Rc8 25. Rb5 Bc3 26. Be5 Bxe5 27. Rxe5 Rc1+ 28. Kh2 Ra1 29. Rxa5 Kg7 30. g4 Ra3 31. Kg2 h6 32. f3 Ra2+ 33. Kg3 g5 34. h4 Ra3 35. hxg5 hxg5 36. Rxg5+ 1-0

[Event "Montigny le Bretonneux op 19th"]
[Site "Montigny le Bretonneux"]
[Date "2021.10.26"]
[Round "4"]
[White "Kvashyna, Tetyana"]
[Black "Gouanelle, Franck"]
[Result "0-1"]
[WhiteElo "1762"]
[BlackElo "2029"]
[PlyCount "154"]
[EventDate "2021.10.23"]
[EventType "swiss"]
[EventRounds "7"]
[EventCountry "FRA"]
[SourceTitle "CBM 204 Extra"]
[Source "ChessBase"]
[SourceDate "2021.11.30"]
[SourceVersion "1"]
[SourceVersionDate "2021.11.30"]
[SourceQuality "1"]

1. d4 d5 2. Nf3 Nf6 3. e3 c5 4. b3 Bg4 5. h3 Bxf3 6. Qxf3 cxd4 7. exd4 Nc6 8. c3 e6 9. Bd3 Be7 10. 0-0 0-0 11. Re1 a6 12. a4 Rc8 13. b4 Nb8 14. Bd2 Re8 15. Na3 Bf8 16. b5 a5 17. Nc2 Nbd7 18. Ne3 Nb6 19. Bc2 g6 20. Ng4 Nxg4 21. Qxg4 Nc4 22. Bg5 Be7 23. Bc1 Bf6 24. Bd3 b6 25. f4 Nd6 26. Bd2 Bg7 27. Re2 f5 28. Qf3 Ne4 29. Bxe4 dxe4 30. Qf1 Qd5 31. Ree1 Rc4 32. Qe2 Rec8 33. Kh1 Kf7 34. Rec1 R8c7 35. Qe3 Bh6 36. g4 Ke8 37. g5 Bf8 38. Kg2 Kd8 39. Rh1 Bd6 40. Kg3 h5 41. h4 Kc8 42. Rhc1 Kb7 43. Kh3 Rc8 44. Kg3 Rd8 45. Be1 Bf8 46. Bf2 Ka7 47. Kh3 Qb7 48. Kh2 Rd5 49. Kg1 Bd6 50. Bg3 Qc7 51. Kf1 Bf8 52. Ke2 Bg7 53. Bf2 Rd8 54. Be1 Rc8 55. Bd2 Qd7 56. Be1 Rxa4 57. Rxa4 Qxb5+ 58. c4 Qxa4 59. Qc3 Kb7 60. Ke3 b5 61. c5 Rd8 62. c6+ Kc8 63. Qc2 Bxd4+ 64. Ke2 Qxc2+ 65. Rxc2 b4 66. c7 Rd6 67. Rc4 Bb6 68. Bf2 Bxc7 69. Rc5 Kd7 70. Rb5 Rc6 71. Bc5 Bxf4 72. Rxa5 Bc7 73. Rb5 b3 74. Bd4 e5 75. Be3 f4 76. Bd2 Rb6 77. Rxb6 Bxb6 0-1

[Event "Montigny le Bretonneux op 19th"]
[Site "Montigny le Bretonneux"]
[Date "2021.10.23"]
[Round "1"]
[White "Gouanelle, Franck"]
[Black "Mimoune, Kenzi"]
[Result "1-0"]
[WhiteElo "2029"]
[BlackElo "1588"]
[PlyCount "87"]
[EventDate "2021.10.23"]
[EventType "swiss"]
[EventRounds "7"]
[EventCountry "FRA"]
[SourceTitle "CBM 204 Extra"]
[Source "ChessBase"]
[SourceDate "2021.11.30"]
[SourceVersion "1"]
[SourceVersionDate "2021.11.30"]
[SourceQuality "1"]

1. d4 d5 2. Nf3 Bf5 3. Bf4 Nf6 4. e3 e6 5. c4 Bb4+ 6. Nc3 Ne4 7. Qb3 Bxc3+ 8. bxc3 b6 9. cxd5 exd5 10. Bb5+ c6 11. Be2 Nd7 12. h3 0-0 13. 0-0 Ndf6 14. c4 c5 15. Rfd1 b5 16. cxb5 c4 17. Qb2 Rc8 18. Rac1 Qb6 19. a4 Qa5 20. Qa3 Nd7 21. Ne5 Nxe5 22. Bxe5 Nd2 23. Qc3 Qxc3 24. Rxc3 Ne4 25. Rcc1 f6 26. Bh2 Rfe8 27. f3 Ng5 28. Rc3 Re6 29. h4 Nf7 30. g4 Bd3 31. Rdxd3 Rce8 32. Rd2 Rxe3 33. Rxe3 Rxe3 34. Kf2 Ra3 35. Bd1 Nd8 36. Bb8 Ra1 37. Re2 Nb7 38. Bxa7 Na5 39. Bc2 Kf7 40. Bc5 Nb3 41. b6 Na5 42. Bxh7 f5 43. Re7+ Kf6 44. g5# 1-0

[Event "Montigny le Bretonneux Autumn 18th"]
[Site "Montigny le Bretonneux"]
[Date "2019.10.20"]
[Round "2"]
[White "Gouanelle, Franck"]
[Black "Taramelli, Marc"]
[Result "1-0"]
[WhiteElo "2131"]
[BlackElo "1829"]
[PlyCount "143"]
[EventDate "2019.10.19"]
[EventType "tourn"]
[EventRounds "9"]
[EventCountry "FRA"]
[SourceTitle "CBM 192 Extra"]
[Source "Chessbase"]
[SourceDate "2019.11.06"]
[SourceVersion "1"]
[SourceVersionDate "2019.11.06"]
[SourceQuality "1"]

1. d4 d5 2. Nc3 e6 3. Bf4 c6 4. e3 Nf6 5. Nf3 Bb4 6. Bd3 Nbd7 7. 0-0 0-0 8. Ne2 c5 9. c3 Ba5 10. Bd6 Re8 11. dxc5 e5 12. Bb5 Bc7 13. Bxc7 Qxc7 14. b4 a6 15. Ba4 b6 16. cxb6 Qxb6 17. Qb3 Bb7 18. Rfd1 Bc6 19. Rac1 Rac8 20. Nd2 Bxa4 21. Qxa4 Qb5 22. Qxb5 axb5 23. f3 Nb6 24. Kf2 Rc6 25. h3 Rec8 26. f4 exf4 27. exf4 Na4 28. Nb1 h6 29. Kg1 Nb2 30. Rd2 Nc4 31. Rd3 Ra6 32. Rc2 Rca8 33. Nc1 Re6 34. Kf2 Ne4+ 35. Kf1 Nf6 36. Re2 Rxe2 37. Kxe2 Re8+ 38. Kf2 Nb2 39. Rd4 Nc4 40. g4 Nd6 41. Ne2 g5 42. Nd2 Ra8 43. fxg5 hxg5 44. Nc1 Nde4+ 45. Nxe4 Nxe4+ 46. Ke3 Nxc3 47. Kd3 Rc8 48. a3 f6 49. Nb3 Na4 50. Kd2 Nb6 51. Nc5 Rd8 52. Kc3 Kf7 53. Kb3 Re8 54. Rd3 Re5 55. a4 bxa4+ 56. Nxa4 Nc4 57. b5 Na5+ 58. Kb4 Nb7 59. Nc5 Nxc5 60. Kxc5 d4+ 61. Kc4 Re1 62. Rxd4 Rc1+ 63. Kb4 Ke6 64. b6 Rb1+ 65. Kc5 Rc1+ 66. Kb5 Ke5 67. Rd3 Rb1+ 68. Kc6 Rc1+ 69. Kd7 Rb1 70. Kc7 Rc1+ 71. Kb8 Rb1 72. b7 1-0

[Event "Avoine op 34th"]
[Site "Avoine"]
[Date "2019.07.21"]
[Round "2"]
[White "Devallee, Jeremie"]
[Black "Gouanelle, Franck"]
[Result "0-1"]
[WhiteElo "2299"]
[BlackElo "2094"]
[PlyCount "62"]
[EventDate "2019.07.20"]
[EventType "swiss"]
[EventRounds "9"]
[EventCountry "FRA"]
[SourceTitle "EXT 2020"]
[Source "ChessBase"]
[SourceDate "2019.10.17"]
[SourceVersion "1"]
[SourceVersionDate "2019.10.17"]
[SourceQuality "1"]

1. e4 e6 2. Nf3 d5 3. e5 c5 4. b4 c4 5. d3 cxd3 6. Bxd3 Bxb4+ 7. c3 Ba5 8. Qa4+ Nc6 9. Qg4 Kf8 10. 0-0 h6 11. h4 h5 12. Ba3+ Nge7 13. Qf4 Kg8 14. Bd6 Bd7 15. Rc1 Rc8 16. Nbd2 Rh6 17. Rab1 b6 18. Ba6 Nf5 19. Bxc8 Bxc8 20. Bb4 Rg6 21. Bxa5 Nxa5 22. Qh2 Rg4 23. g3 Qc7 24. Qg2 Ba6 25. c4 Nxc4 26. Nxc4 Bxc4 27. Qf1 Qc5 28. Rxc4 Rxc4 29. Kg2 Rc2 30. Qe1 Ne3+ 31. Kg1 Ng4 0-1

[Event "Avoine op 34th"]
[Site "Avoine"]
[Date "2019.07.20"]
[Round "6"]
[White "Bourdeaud'Huy, Thomas"]
[Black "Gouanelle, Franck"]
[Result "1/2-1/2"]
[WhiteElo "1929"]
[BlackElo "2094"]
[PlyCount "33"]
[EventDate "2019.07.20"]
[EventType "swiss"]
[EventRounds "9"]
[EventCountry "FRA"]
[SourceTitle "EXT 2020"]
[Source "ChessBase"]
[SourceDate "2019.10.17"]
[SourceVersion "1"]
[SourceVersionDate "2019.10.17"]
[SourceQuality "1"]

1. c4 e5 2. Nc3 Nf6 3. g3 Bb4 4. Bg2 0-0 5. a3 Bxc3 6. bxc3 d6 7. d3 h6 8. e3 Re8 9. Ne2 a5 10. e4 a4 11. 0-0 Nc6 12. h3 Bd7 13. Kh2 Na5 14. Be3 b5 15. cxb5 Bxb5 16. c4 Bd7 17. f4 1/2-1/2

[Event "Montigny le Bretonneux-A 15th"]
[Site "Montigny le Bretonneux"]
[Date "2016.10.28"]
[Round "7.2"]
[White "Legrand, Stephane"]
[Black "Gouanelle, Franck"]
[Result "1/2-1/2"]
[WhiteElo "2017"]
[BlackElo "2087"]
[PlyCount "118"]
[EventDate "2016.10.22"]
[EventType "tourn"]
[EventRounds "9"]
[EventCountry "FRA"]
[SourceTitle "EXT 2024"]
[Source "ChessBase"]
[SourceDate "2023.10.10"]
[SourceVersion "1"]
[SourceVersionDate "2023.10.10"]
[SourceQuality "1"]

1. Nf3 d5 2. c4 c6 3. g3 dxc4 4. Bg2 Nd7 5. Qc2 Nb6 6. Na3 Qd5 7. b3 cxb3 8. axb3 Bf5 9. d3 Qd8 10. 0-0 Nf6 11. Nc4 Nfd7 12. Na5 Qc8 13. Nd4 Bg6 14. Nxb7 Qxb7 15. Bxc6 Qc8 16. Bxa8 Qxa8 17. Nb5 Qb8 18. Rxa7 f6 19. Qc6 Bf5 20. Be3 Kf7 21. Rc1 Qd8 22. Nc7 Nc8 23. Ra8 Ne5 24. Qb5 Qd7 25. d4 Ng4 26. Rc5 Nxe3 27. fxe3 Nd6 28. Qxd7 Bxd7 29. b4 e6 30. Rca5 Rg8 31. Rb8 Be7 32. Rxg8 Kxg8 33. b5 Kf7 34. Kf1 Bd8 35. b6 Ke7 36. Rc5 Nb7 37. Rc1 Kd6 38. e4 g6 39. Kf2 Bc6 40. e5+ Kd7 41. Nxe6 Bxb6 42. Nf8+ Kc7 43. e3 fxe5 44. d5 Nc5 45. Rd1 Ba4 46. d6+ Kc6 47. Rb1 Bc2 48. Ra1 Kxd6 49. Nxh7 Bd8 50. h4 Bf5 51. Ra8 Be7 52. Rb8 Nd7 53. Rb4 Ke6 54. Rc4 e4 55. g4 Bxh4+ 56. Kg2 Bxg4 57. Rxe4+ Ne5 58. Nf8+ Kf6 59. Rxe5 Kxe5 1/2-1/2

[Event "Montigny le Bretonneux-A 15th"]
[Site "Montigny le Bretonneux"]
[Date "2016.10.26"]
[Round "5.1"]
[White "Gouanelle, Franck"]
[Black "Etrog, Jonathan"]
[Result "1/2-1/2"]
[WhiteElo "2087"]
[BlackElo "2278"]
[PlyCount "45"]
[EventDate "2016.10.22"]
[EventType "tourn"]
[EventRounds "9"]
[EventCountry "FRA"]
[SourceTitle "EXT 2024"]
[Source "ChessBase"]
[SourceDate "2023.10.10"]
[SourceVersion "1"]
[SourceVersionDate "2023.10.10"]
[SourceQuality "1"]

1. d4 Nf6 2. c4 c5 3. Nf3 cxd4 4. Nxd4 e5 5. Nb5 d5 6. cxd5 Bc5 7. N5c3 0-0 8. g3 Qb6 9. e3 Bg4 10. Be2 Bxe2 11. Qxe2 e4 12. 0-0 Nbd7 13. Nd2 Rfe8 14. a3 Qd8 15. b4 Bd6 16. Bb2 Be5 17. Nc4 Rc8 18. Rfd1 Qc7 19. Nxe5 Nxe5 20. Nb5 Qd7 21. Bxe5 Rxe5 22. Nd4 Rxd5 23. Rac1 1/2-1/2

[Event "Montigny le Bretonneux-A 14th"]
[Site "Montigny le Bretonneux"]
[Date "2015.10.25"]
[Round "9.3"]
[White "Nicolleau, Mathias"]
[Black "Gouanelle, Franck"]
[Result "1-0"]
[WhiteElo "1895"]
[BlackElo "2094"]
[PlyCount "47"]
[EventDate "2015.10.17"]
[EventType "tourn"]
[EventRounds "9"]
[EventCountry "FRA"]
[SourceTitle "EXT 2024"]
[Source "ChessBase"]
[SourceDate "2023.10.10"]
[SourceVersion "1"]
[SourceVersionDate "2023.10.10"]
[SourceQuality "1"]

1. d4 d5 2. c4 e6 3. Nf3 Nf6 4. cxd5 exd5 5. Nc3 c6 6. Qc2 Be7 7. Bg5 0-0 8. e3 Re8 9. Bd3 Nbd7 10. 0-0 Nf8 11. Bxf6 Bxf6 12. h3 g6 13. b4 Ne6 14. Na4 a6 15. Nc5 Ng7 16. a4 Re7 17. Rfb1 Bf5 18. b5 axb5 19. axb5 Rxa1 20. Rxa1 Bxd3 21. Nxd3 Qc8 22. bxc6 bxc6 23. Rc1 Rc7 24. Nb4 1-0

[Event "Montigny le Bretonneux-A 14th"]
[Site "Montigny le Bretonneux"]
[Date "2015.10.24"]
[Round "8.1"]
[White "Gouanelle, Franck"]
[Black "Daurelle, Herve"]
[Result "1/2-1/2"]
[WhiteElo "2094"]
[BlackElo "2157"]
[PlyCount "97"]
[EventDate "2015.10.17"]
[EventType "tourn"]
[EventRounds "9"]
[EventCountry "FRA"]
[SourceTitle "EXT 2024"]
[Source "ChessBase"]
[SourceDate "2023.10.10"]
[SourceVersion "1"]
[SourceVersionDate "2023.10.10"]
[SourceQuality "1"]

1. d4 d5 2. c4 e6 3. Nc3 c5 4. cxd5 cxd4 5. Qa4+ Bd7 6. Qxd4 exd5 7. Qxd5 Nc6 8. Nf3 Nf6 9. Qd1 Bc5 10. a3 Qe7 11. e3 0-0-0 12. Bd2 Kb8 13. Be2 g5 14. b4 g4 15. bxc5 gxf3 16. Bxf3 Ne5 17. 0-0 Nxf3+ 18. Qxf3 Bc6 19. Qf4+ Ka8 20. Rfd1 Rhg8 21. g3 Qe6 22. Be1 Rc8 23. e4 Nxe4 24. Nxe4 Bxe4 25. Rd6 Qe8 26. Bb4 f5 27. f3 Bc6 28. Re1 Qh5 29. Kg2 Rge8 30. h3 Rxe1 31. Bxe1 Re8 32. g4 fxg4 33. hxg4 Qxc5 34. Qd4 Qxd4 35. Rxd4 b6 36. Bb4 a5 37. Bd6 Kb7 38. Kf2 Ka6 39. f4 Re4 40. Rxe4 Bxe4 41. Ke3 Bc2 42. Kd4 Kb5 43. Kd5 Bb3+ 44. Ke5 Kc6 45. Bf8 Kd7 46. Kf6 Ke8 47. Bd6 Bd1 48. Kg5 b5 49. Bc7 1/2-1/2

[Event "Avoine op 28th"]
[Site "Avoine"]
[Date "2013.07.27"]
[Round "8"]
[White "Gerandi, Guillaume"]
[Black "Gouanelle, Franck"]
[Result "1-0"]
[WhiteElo "1888"]
[BlackElo "2131"]
[PlyCount "57"]
[EventDate "2013.07.20"]
[EventType "swiss"]
[EventRounds "9"]
[EventCountry "FRA"]
[SourceTitle "CBM 155 Extra"]
[Source "ChessBase"]
[SourceDate "2013.08.26"]
[SourceVersion "1"]
[SourceVersionDate "2013.08.26"]
[SourceQuality "1"]

1. e4 c5 2. Nf3 e6 3. g3 g6 4. Bg2 Bg7 5. 0-0 Nc6 6. c3 Nge7 7. Qe2 d6 8. Rd1 e5 9. Na3 0-0 10. Nc2 Qb6 11. b3 a5 12. Ne3 h6 13. Nc4 Qc7 14. Bb2 b5 15. Ne3 b4 16. Rac1 Ba6 17. Qe1 Rae8 18. Bf1 Bxf1 19. Qxf1 Qa7 20. Ba1 Qd7 21. d4 cxd4 22. cxd4 Qa7 23. dxe5 dxe5 24. Nc4 f5 25. Nfxe5 Nxe5 26. Bxe5 Bxe5 27. Nxe5 fxe4 28. Rd7 Qb6 29. Rc6 1-0

[Event "Avoine op 28th"]
[Site "Avoine"]
[Date "2013.07.26"]
[Round "7"]
[White "Gouanelle, Franck"]
[Black "Jaouen, Valentin"]
[Result "0-1"]
[WhiteElo "2131"]
[BlackElo "2009"]
[PlyCount "86"]
[EventDate "2013.07.20"]
[EventType "swiss"]
[EventRounds "9"]
[EventCountry "FRA"]
[SourceTitle "CBM 155 Extra"]
[Source "ChessBase"]
[SourceDate "2013.08.26"]
[SourceVersion "1"]
[SourceVersionDate "2013.08.26"]
[SourceQuality "1"]

1. d4 e6 2. c4 b6 3. e4 Bb7 4. Bd3 Nc6 5. Ne2 Nb4 6. Nbc3 Nxd3+ 7. Qxd3 Ne7 8. 0-0 Nc6 9. a3 a5 10. b3 Be7 11. Qg3 g6 12. d5 Bd6 13. Bf4 Bxf4 14. Qxf4 Ne7 15. Nb5 d6 16. dxe6 0-0 17. exf7+ Rxf7 18. Qe3 Nc6 19. Nbc3 Qd7 20. Nd5 Re8 21. f3 Ne5 22. Ndc3 a4 23. b4 Nxc4 24. Qd4 Ne5 25. f4 c5 26. Qd1 Nc4 27. Qd3 Bd5 28. Nxd5 b5 29. bxc5 Qa7 30. Kh1 Qxc5 31. f5 Ne5 32. Qg3 Qc4 33. Qh4 Nd7 34. Rae1 Kh8 35. Qf4 Re5 36. g4 Nc5 37. f6 Nd3 38. Qe3 Nc5 39. Rf4 g5 40. Rff1 Nxe4 41. Rc1 Nc3 42. Qf3 Qxd5 43. Rxc3 Rxf6 0-1

[Event "Avoine op 28th"]
[Site "Avoine"]
[Date "2013.07.22"]
[Round "3"]
[White "Gouanelle, Franck"]
[Black "Dgebuadze, Alexandre"]
[Result "0-1"]
[WhiteElo "2131"]
[BlackElo "2520"]
[PlyCount "50"]
[EventDate "2013.07.20"]
[EventType "swiss"]
[EventRounds "9"]
[EventCountry "FRA"]
[SourceTitle "CBM 155 Extra"]
[Source "ChessBase"]
[SourceDate "2013.08.26"]
[SourceVersion "1"]
[SourceVersionDate "2013.08.26"]
[SourceQuality "1"]

1. d4 e6 2. c4 d5 3. g3 g6 4. Nf3 Bg7 5. Bg2 Nc6 6. 0-0 Nge7 7. Nc3 0-0 8. cxd5 exd5 9. b3 Bg4 10. e3 Qd7 11. Qd2 Bh3 12. Ba3 Bxg2 13. Kxg2 Rfe8 14. Rfe1 Nf5 15. Na4 h5 16. h4 Rab8 17. Nb2 Qe6 18. Ng5 Nxh4+ 19. Kh2 Qg4 20. gxh4 Nxd4 21. exd4 Re2 22. Qe3 Rxe3 23. fxe3 Re8 24. Nd1 Qxh4+ 25. Nh3 Bxd4 0-1

[Event "Montigny le Bretonneux-A 11th"]
[Site "Montigny le Bretonneux"]
[Date "2012.11.01"]
[Round "6"]
[White "Plantet, Marc"]
[Black "Gouanelle, Franck"]
[Result "0-1"]
[WhiteElo "1869"]
[BlackElo "2100"]
[PlyCount "28"]
[EventDate "2012.10.27"]
[EventType "tourn"]
[EventRounds "9"]
[EventCountry "FRA"]
[SourceTitle "EXT 2014"]
[Source "ChessBase"]
[SourceDate "2013.11.20"]
[SourceVersion "1"]
[SourceVersionDate "2013.11.20"]
[SourceQuality "1"]

1. b4 e5 2. Bb2 Bxb4 3. f4 d6 4. Nf3 Nf6 5. fxe5 dxe5 6. e3 e4 7. Ne5 Be6 8. Be2 0-0 9. 0-0 Nbd7 10. Ng4 Nxg4 11. Bxg4 f5 12. Rf4 fxg4 13. Rxe4 Bd6 14. Rxe6 Qh4 0-1

[Event "Montigny le Bretonneux op 10th"]
[Site "Montigny le Bretonneux"]
[Date "2011.10.30"]
[Round "9"]
[White "Gouanelle, Franck"]
[Black "Conq, Alain"]
[Result "1-0"]
[WhiteElo "2178"]
[BlackElo "1804"]
[PlyCount "73"]
[EventDate "2011.10.22"]
[EventType "swiss"]
[EventRounds "9"]
[EventCountry "FRA"]
[SourceTitle "EXT 2012"]
[Source "ChessBase"]
[SourceDate "2011.11.24"]
[SourceVersion "1"]
[SourceVersionDate "2011.11.24"]
[SourceQuality "1"]

1. Nf3 d5 2. d4 Nf6 3. c4 c6 4. Nc3 dxc4 5. a4 Bf5 6. e3 e6 7. Bxc4 Bb4 8. 0-0 0-0 9. Nh4 Bg4 10. Qb3 a5 11. f3 Nd5 12. g3 Bh3 13. Ng2 Bxg2 14. Kxg2 Nd7 15. e4 N5b6 16. Be2 c5 17. Rd1 Qc7 18. Nb5 Qc6 19. Be3 c4 20. Qc2 Rfc8 21. Nc3 Bxc3 22. bxc3 Nf6 23. Rdb1 Ra6 24. Rb5 Nbd7 25. Rab1 b6 26. g4 Ne8 27. f4 f6 28. Bf3 e5 29. h4 Qc7 30. fxe5 fxe5 31. Rf1 Nd6 32. Rd5 Nf7 33. g5 Qc6 34. Bg4 Rd8 35. Qf2 Nd6 36. Be6+ Kh8 37. Bxd7 1-0

[Event "Montigny le Bretonneux op 10th"]
[Site "Montigny le Bretonneux"]
[Date "2011.10.29"]
[Round "8"]
[White "Fruchard, Cyrille"]
[Black "Gouanelle, Franck"]
[Result "0-1"]
[WhiteElo "1821"]
[BlackElo "2178"]
[PlyCount "232"]
[EventDate "2011.10.22"]
[EventType "swiss"]
[EventRounds "9"]
[EventCountry "FRA"]
[SourceTitle "EXT 2012"]
[Source "ChessBase"]
[SourceDate "2011.11.24"]
[SourceVersion "1"]
[SourceVersionDate "2011.11.24"]
[SourceQuality "1"]

1. d4 d5 2. c4 e6 3. Nc3 Nf6 4. cxd5 exd5 5. Bg5 Nbd7 6. Nf3 c6 7. e3 Be7 8. Qc2 Nh5 9. Bxe7 Qxe7 10. Be2 Nhf6 11. Bd3 Nb6 12. 0-0 g6 13. a3 0-0 14. b4 a6 15. Rab1 Be6 16. Ne5 Ng4 17. Nxg4 Bxg4 18. a4 Rfc8 19. a5 Nd7 20. Na4 Rf8 21. Nc5 Nf6 22. Rfe1 Rad8 23. f3 Bc8 24. Re2 Ne8 25. Rc1 Nc7 26. Qc3 Rfe8 27. Rd2 Qf6 28. Nb3 Re7 29. e4 dxe4 30. fxe4 Nd5 31. Qc5 Qd6 32. e5 Qxc5 33. bxc5 Nf4 34. Bc4 Be6 35. Bxe6 Nxe6 36. Rcd1 Red7 37. Kf2 f6 38. exf6 Kf7 39. Ke3 Kxf6 40. g3 Ng7 41. Kd3 Nf5 42. Kc3 h5 43. Re2 Re7 44. Rxe7 Kxe7 45. Rd3 Kf6 46. Nd2 Re8 47. h3 Re3 48. Rxe3 Nxe3 49. Ne4+ Ke6 50. Kd3 Nf5 51. g4 hxg4 52. hxg4 Nh6 53. Nf2 Kd5 54. Kc3 Nf7 55. Kd3 Ng5 56. Nd1 Nf3 57. Ne3+ Ke6 58. Ke4 Nd2+ 59. Kd3 Nf3 60. Ke4 Ng5+ 61. Kf4 Nf7 62. Ke4 Nh6 63. Kf3 Kf6 64. Kf4 Nf7 65. Nc4 Ke6 66. Ne5 Nd8 67. Ke4 Kf6 68. Kf4 Ne6+ 69. Ke4 Ng5+ 70. Kf4 Nf7 71. Nc4 Ke6 72. Ne3 g5+ 73. Ke4 Nh6 74. Kf3 Ng8 75. Ke4 Nf6+ 76. Kd3 Kd7 77. Kc4 Ke6 78. Kd3 Nd5 79. Nxd5 Kxd5 80. Ke3 Kc4 81. Ke4 Kb5 82. Kf5 Kxa5 83. Kxg5 Kb4 84. Kf5 a5 85. g5 a4 86. g6 a3 87. g7 a2 88. g8Q a1Q 89. Qd8 Qf1+ 90. Ke4 Qe2+ 91. Kf4 Kc4 92. Qb6 Qf2+ 93. Kg5 Qxd4 94. Qxb7 Qxc5+ 95. Kf4 Kc3 96. Kf3 Qf5+ 97. Ke3 Qd3+ 98. Kf2 c5 99. Qa7 Qc2+ 100. Ke1 Qd2+ 101. Kf1 c4 102. Qa3+ Kc2 103. Qa4+ Kd3 104. Qa6 Qc1+ 105. Kf2 Qc2+ 106. Kf1 Kd2 107. Qh6+ Kc3 108. Qf6+ Kb3 109. Qb6+ Ka2 110. Qa6+ Kb1 111. Qb5+ Qb3 112. Qc5 c3 113. Qf5+ c2 114. Qg6 Qc4+ 115. Kf2 Qd4+ 116. Kf1 Kb2 0-1

[Event "FRA-chT Top 12"]
[Site "Mulhouse"]
[Date "2011.05.30"]
[Round "5"]
[White "Hisler, Thomas"]
[Black "Gouanelle, Franck"]
[Result "1-0"]
[WhiteElo "2262"]
[BlackElo "2157"]
[PlyCount "73"]
[EventDate "2011.05.26"]
[EventType "team-tourn"]
[EventRounds "11"]
[EventCountry "FRA"]
[SourceTitle "CBM 142 Extra"]
[Source "ChessBase"]
[SourceDate "2011.06.27"]
[SourceVersion "1"]
[SourceVersionDate "2011.06.27"]
[SourceQuality "1"]
[WhiteTeam "Metz Fischer"]
[BlackTeam "De Rueil Malmaison"]
[WhiteTeamCountry "FRA"]
[BlackTeamCountry "FRA"]

1. e4 c5 2. Nc3 a6 3. g3 b5 4. Bg2 Bb7 5. d3 e6 6. f4 Nf6 7. Nf3 b4 8. Ne2 d5 9. e5 Nfd7 10. 0-0 Nc6 11. Be3 a5 12. h3 h5 13. Bf2 Ba6 14. Re1 Rc8 15. f5 Be7 16. Nf4 Nf8 17. h4 exf5 18. Nd2 Ne6 19. Nxd5 Nb8 20. Nc4 Bxc4 21. dxc4 Bf8 22. a3 Nd7 23. Qf3 g6 24. axb4 cxb4 25. Rad1 Be7 26. Nb6 Rc7 27. Rxd7 Rxd7 28. Qc6 Qc7 29. Qb5 Bc5 30. Nxd7 Bxf2+ 31. Kxf2 Ke7 32. Nb6 Qa7 33. Rd1 Rd8 34. Rxd8 Kxd8 35. Kf1 Ke7 36. Nd5+ Kf8 37. Qb6 1-0